00513cam a22001337a 4500008004000000082001700040100003100057245008700088260007700175300000900252500003900261650004700300650003200347180718b1963 xxu||||| |||| 00| 0 eng d aT19x54 M883e aMudaliar, Sir A. Ramaswami aEconomic and financial aspects of the present crisiscby Sir A. Ramaswami Mudaliar aBombaybIndian Merchants' Chamber Econ. Res. & Training Foundationc1963 a12p. aB.F. Madon Memorial Lectures, 1963 aIndia - China War, 1962 - Economic Ashects aIndia - Economic conditions